Statistics for FIFA 14 PLAYER RATINGS

Click here to take the quiz!

General Stats

  • This quiz has been taken 450 times
  • The average score is 11 of 21

Answer Stats

HintAnswer% Correct
Arg94Messi
100%
Por92Ronaldo
98%
Swe89Ibrahimovich
82%
Col90Falcao
77%
Hol88Robben
76%
Spa89Iniesta
72%
Spa89Xavi
71%
Fra90Ribery
69%
Hol89Van Persie
68%
Uru88Suarez
58%
Wal87Gareth Bale
48%
Arg88Aguero
43%
Ger88Schweinsteigger
36%
Bra87Silva
36%
Spa88Silva
36%
Uru87Cavani
35%
Eng87Rooney
35%
Ger87Lahm
25%
Ger87Ozil
21%
Ser87Vidic
19%
Spa87Mata
9%

Score Distribution

Percentile by Number Answered

Percent of People with Each Score

Your Score History

You have not taken this quiz